000
00252nam a22001097a 4500
082
_a
621.362 INF'P
100
_a
PHILIPS, UZFA
_9
79728
245
_a
INFRARED EQUIPMENTS FOR TANKS
260
_a
PAKISTAN
_b
PHOTO COPY
_c
1980
300
_a
09P
942
_c
BK
999
_c
584729
_d
584729